000 00618nam a2200241Ia 4500
003 OSt
005 20220924130858.0
006 a|||||r|||| 00| 0
007 ta
008 220923b |||||||| |||| 00| 0 san d
024 _a59952
037 _cTextual
040 _aARTS
_cARTS
_bsan
041 _2san
_asan
082 _aQ2:4y8, 15L0
100 _aKailash Chandra
_9108520
245 0 _aSmritisara samgraha
260 _aVadya
_bThe Author
_c1970
300 _a28, 324p.
_ccm.
650 _aRELIGION
942 _hQ2:4y8, 15L0
_cTEXL
_2CC
999 _c425484
_d425484